| 000 | 01308nam a2200349Ia 4500 | ||
|---|---|---|---|
| 001 | ebr10159504 | ||
| 003 | CaPaEBR | ||
| 006 | m u | ||
| 007 | cr cn||||||||| | ||
| 008 | 920831s1993 mnu s s000 1 eng d | ||
| 010 | _z 92032341 | ||
| 020 | _z9780816619665 | ||
| 020 | _z0816619662 (alk. paper) | ||
| 040 |
_aCaPaEBR _cCaPaEBR |
||
| 035 | _a(OCoLC)191952593 | ||
| 041 | 1 |
_aeng _hpor |
|
| 050 | 1 | 4 |
_aPQ9929.R8 _bS5613 1993eb |
| 082 | 0 | 4 |
_a869.3 _220 |
| 100 | 1 | _aRui, Manuel. | |
| 240 | 1 | 0 |
_aSim camarada!. _lEnglish |
| 245 | 1 | 0 |
_aYes, comrade! _h[electronic resource] / _cManuel Rui ; foreword by Gitahi Gititi ; translated by Ronald W. Sousa. |
| 260 |
_aMinneapolis : _bUniversity of Minnesota Press, _cc1993. |
||
| 300 | _axxvi, 148 p. | ||
| 490 | 1 | _aEmergent literatures | |
| 533 |
_aElectronic reproduction. _bPalo Alto, Calif. : _cebrary, _d2013. _nAvailable via World Wide Web. _nAccess may be limited to ebrary affiliated libraries. |
||
| 650 | 0 | _aPortuguese literature. | |
| 651 | 0 |
_aAngola _xPolitics and government _vFiction. |
|
| 655 | 7 |
_aElectronic books. _2local |
|
| 710 | 2 | _aebrary, Inc. | |
| 830 | 0 | _aEmergent literatures. | |
| 856 | 4 | 0 |
_uhttp://site.ebrary.com/lib/rucke/Doc?id=10159504 _zAn electronic book accessible through the World Wide Web; click to view |
| 999 |
_c134153 _d134153 |
||